00672nam a2200217 i 4500001000700000003000900007005001700016007000300033008004100036020001800077080001400095100002900109245007900138260003500217300002900252490002800281650003000309700002100339830002800360852006600388104915ES-MaACL20230906183726.0t|060526s1989 fr ||||1| fre d a2-08-011366-6 a7(44)"17"1 aGuicharnaud, Hélène.12aL'art sous la Révolution / cpar Hélène Guicharnaud, Philippe Sorel. aParis : bFlammarion, c[1989] a62 p. : bil. ; c22 cm.1 aLa grammaire des styles14aArte francés-yS.XVIII.1 aSorel, Philippe.1 aLa grammaire des styles aES-MaACLj2203-F-13 z- Biblioteca Jacinto Martínez Lacalle